00221nam a22000857a 4500082000800000100001700008245004400025260005700069300000900126 aTNC aYaqoob, Asma aMutual Vulnerability in the Indus Basin aColombobRegional Centre for Strategic Studiesc2013 a82p.